000
00334 a2200157 4500
001
175852
020
_a
040
_c
Magnum
100
_a
Paulino, Wilson Roberto
240
1
0
_a
Biologia atual/v.2
_l
por
245
1
0
_a
Biologia atual/v.2
362
0
_a
1899
440
1
_a
Ática
697
_a
MAGNITO: PARADIDATICOS
942
_c
BK
999
_c
175852
_d
175852